000 00599nam a22001697a 4500
005 20260303123036.0
008 260303b |||||||| |||| 00| 0 eng d
020 _a978978560802
050 _aHD77.5.N6
_b.E93
100 _aRobert Moruku
245 _aExcellence in the Teaching of Business and entrepreneurships Development: A Festscrift for Prof Grace Nzelibe
260 _aAbuja
_bChartered Graphic Press
_c2022
300 _axxix, 638p.
_billus
650 _aEntrepreneurship study and Teaching
_vBusiness Entrepreneureship
700 _a2. Hauwa, Imam 3. Roseline Echezona et al.
942 _cBK
999 _c4571
_d4571